Tlatelolco aquella tarde /

Gorde:
Xehetasun bibliografikoak
Egile nagusia: González de Alba, Luis (autor)
Formatua: Liburua
Hizkuntza:gaztelania
Argitaratua: México : Cal y Arena, 2016, c2016
Gaiak:
Etiketak: Etiketa erantsi
Etiketarik gabe, Izan zaitez lehena erregistro honi etiketa jartzen!

MARC

LEADER 00000nam^a2200000^a^4500
001 000392556
005 20250521000000.0
009 20260310121245.296
020 |a 978-607-9357-90-0 
037 |a Acervo ITESO - Biblioteca 
041 |a ESP 
082 |a 322. 44  |b GON 
100 |a González de Alba, Luis  |e (autor) 
245 1 0 |a Tlatelolco aquella tarde /  |c L. González de Alba. 
264 4 |a México :  |b Cal y Arena,  |c 2016, c2016 
300 |a 130 p. 
336 |a texto  |b txt  |2 rdacontenido 
337 |a sin mediación  |b n  |2 rdamedio 
338 |a volumen  |b nc  |2 rdasoporte 
545 0 |a Luis González de Alba (Charcas, San Luis Potosí, 1944 – Guadalajara, 2016) fue uno de los líderes del Movimiento Estudiantil de 1968, motivo por el cual estuvo preso en Lecumberri (1968-1971) y fue exiliado a Chile (1971-1972). La experiencia desembocó en Los días y los años (1971), primera novela del autor, quien a partir de 1973 ejerció el periodismo. Las novelas Y sigo siendo sola (1979), Jacob, el suplantador (1988), Agapi mu: amor amío (1993), Cielo de invierno (1999) y El sol de la tarde (2003) y el volumen de cuentos El vino de los bravos (1981) forman parte de su obra narrativa. Aunque estudió Psicología, fue reconocido ampliamente por su trabajo de divulgación científica, que ejemplifican libros como Bases biológicas de la bisexualidad (1984), La ciencia, la calle y otras mentiras (1989) y El burro de Sancho y el gato de Schrödinger: un paseo al trote por cien años de física cuántica y su inesperada relación con la conciencia (2000). Militó en diversas organizaciones políticas y civiles a lo largo de su vida, faceta en la que destacó su participación activa en la lucha contra el SIDA y su postura poco complaciente con las fuerzas políticas de izquierda en México. 
649 |a XX 
650 |a Escritores Mexicanos -  |x Memorias 
650 |a Activistas Sociales Mexicanos -  |x Memorias 
650 |a Testimonio Histórico 
650 |a Memorias Mexicanas 
650 |a Artículos Periodísticos Mexicanos 
650 |a Ensayos Mexicanos 
650 |a Literatura Autobiográfica -  |z México 
650 |a Literatura y Política -  |z México 
650 |a Literatura y Periodismo -  |z México 
650 |a Literatura Mexicana -  |y Siglo XXI 
650 |a Movimiento Estudiantil de 1968 -  |x Tema Principal 
650 |a Verdad Histórica -  |z México -  |y 1964-1970 
650 |a Política -  |z México -  |x Historia -  |y 1964-1970 
650 |a Política -  |z México -  |x Historia -  |y 1946-2000 
650 |a Política -  |z México -  |x Historia -  |y Siglo XX 
650 |a México -  |x Historia -  |y 1964-1970 
650 |a México -  |x Historia -  |y 1946-2000 
650 |a México -  |x Historia -  |y Siglo XX 
650 |a González de Alba, Luis -  |x Tema Principal 
910 |a Fondo General 
920 |a Impresos - Libros 
930 |a Colección General 
905 |a 101 
901 |a 0500287454  |b IT1  |c ACC  |i C153590  |u 20250521 
902 |a https://opac.biblio.iteso.mx/vufind/Record/000392556